00485cam a22001694a 4500020002700000040000800027082002600035245006000061260004300121300003300164650001800197650002100215650001800236650002100254700002200275700001800297 a3540666249 (softcover) cDLC00a004 SPR 1999 C149 Or.00aCorrect system design :brecent insights and advances / aBerlin ;aNew York :bSpringer,cc1999 axiv, 415 p. :bill. ;c24 cm 0aSystem design 0aComputer systems 4aSystem design 4aComputer systems1 aSteffen, Bernhard1 aOlderog, E.-R